000 00377nam a2200157Ia 4500
008 221030s9999 xx 000 0 und d
020 _a8170089484
041 _aEnglish
082 _a105.23
100 _aS. K. Garg
245 0 _aWorkshop Technology - Manufacturing Process
260 _bLaxmi Pub.
_aNew Delhi
_c2007
300 _a518
650 _aMechanical
942 _cBK
999 _c5589
_d5589